00466nam a2200193Ia 4500003000400000005001700004008004100021020001400062040000700076041000800083082001900091100002100110245004900131250000600180260003800186300002600224365000800250650001400258OSt20230318103343.0210423s1990 xx 000 0 und d a471520632 cAL aeng a540 223bBRAJ aBRADY (James E). aGeneral chemistry: principles and structure. a5 aNew YorkbJohn Wiley & Sonsc1990 axviii,852,A53,I14bHB cINR aChemistry